Inštitucionálny kontext podpornej politiky vo vidieckych regiónoch
Podporná politika v podmienkach vidieckeho typu regiónov. Závery vyplývajúce z konfrontácie teoretických prístupov a výsledky hodnotenia podpornej politiky v skúmanom regióne. Možnosti uplatnenia získaných poznatkov v ekonomike Slovenska.
Guardado en:
| Autor principal: | |
|---|---|
| Otros Autores: | , |
| Formato: | Capítulo de libro |
| Lenguaje: | eslovaco |
| Materias: | |
| Etiquetas: |
Sin Etiquetas, Sea el primero en etiquetar este registro!
|
MARC
| LEADER | 00000nla a2200000 4500 | ||
|---|---|---|---|
| 001 | 0160605 | ||
| 005 | 20240502083356.6 | ||
| 041 | 0 | |a slo | |
| 044 | |a CZ | ||
| 245 | 1 | 0 | |a Inštitucionálny kontext podpornej politiky vo vidieckych regiónoch |c Jozef Tvrdoň, Martin Chovanec, Michal Štofko |
| 520 | |a Podporná politika v podmienkach vidieckeho typu regiónov. Závery vyplývajúce z konfrontácie teoretických prístupov a výsledky hodnotenia podpornej politiky v skúmanom regióne. Možnosti uplatnenia získaných poznatkov v ekonomike Slovenska. | ||
| 610 | 2 | 0 | |a Slovensko |
| 610 | 2 | 0 | |a regióny |
| 610 | 2 | 0 | |a aglomerácie sídelné |
| 610 | 2 | 0 | |a politika regionálna |
| 610 | 2 | 0 | |a rozvoj územný |
| 610 | 2 | 0 | |a rozvoj vidieka |
| 100 | 1 | |a Tvrdoň, Jozef | |
| 700 | 1 | |a Chovanec, Martin | |
| 700 | 1 | |a Štofko, Michal | |